|
|
|
|
| LEADER |
03138nam a22005295i 4500 |
| 001 |
978-3-540-73099-6 |
| 003 |
DE-He213 |
| 005 |
20151103130259.0 |
| 007 |
cr nn 008mamaa |
| 008 |
100301s2007 gw | s |||| 0|eng d |
| 020 |
|
|
|a 9783540730996
|9 978-3-540-73099-6
|
| 024 |
7 |
|
|a 10.1007/978-3-540-73099-6
|2 doi
|
| 040 |
|
|
|d GrThAP
|
| 050 |
|
4 |
|a Q334-342
|
| 050 |
|
4 |
|a TJ210.2-211.495
|
| 072 |
|
7 |
|a UYQ
|2 bicssc
|
| 072 |
|
7 |
|a TJFM1
|2 bicssc
|
| 072 |
|
7 |
|a COM004000
|2 bisacsh
|
| 082 |
0 |
4 |
|a 006.3
|2 23
|
| 245 |
1 |
0 |
|a Automated Reasoning with Analytic Tableaux and Related Methods
|h [electronic resource] :
|b 16th International Conference, TABLEAUX 2007, Aix en Provence, France, July 3-6, 2007. Proceedings /
|c edited by Nicola Olivetti.
|
| 264 |
|
1 |
|a Berlin, Heidelberg :
|b Springer Berlin Heidelberg,
|c 2007.
|
| 300 |
|
|
|a X, 250 p.
|b online resource.
|
| 336 |
|
|
|a text
|b txt
|2 rdacontent
|
| 337 |
|
|
|a computer
|b c
|2 rdamedia
|
| 338 |
|
|
|a online resource
|b cr
|2 rdacarrier
|
| 347 |
|
|
|a text file
|b PDF
|2 rda
|
| 490 |
1 |
|
|a Lecture Notes in Computer Science,
|x 0302-9743 ;
|v 4548
|
| 505 |
0 |
|
|a Invited Talks -- Nonmonotonic Description Logics – Requirements, Theory, and Implementations -- Our Quest for the Holy Grail of Agent Verification -- An Abstract Framework for Satisfiability Modulo Theories -- Research Papers -- Axiom Pinpointing in General Tableaux -- Proof Theory for First Order ?ukasiewicz Logic -- A Tableau Method for Public Announcement Logics -- Bounded Model Checking with Description Logic Reasoning -- Tableau Systems for Logics of Subinterval Structures over Dense Orderings -- A Cut-Free Sequent Calculus for Bi-intuitionistic Logic -- Tableaux with Dynamic Filtration for Layered Modal Logics -- The Neighbourhood of S0.9 and S1 -- EXPTIME Tableaux with Global Caching for Description Logics with Transitive Roles, Inverse Roles and Role Hierarchies -- Tree-Sequent Methods for Subintuitionistic Predicate Logics -- A Sequent Calculus for Bilattice-Based Logic and Its Many-Sorted Representation -- Updating Reduced Implicate Tries -- A Bottom-Up Approach to Clausal Tableaux -- Differential Dynamic Logic for Verifying Parametric Hybrid Systems -- System Descriptions -- Improvements to the Tableau Prover PITP -- KLMLean 2.0: A Theorem Prover for KLM Logics of Nonmonotonic Reasoning.
|
| 650 |
|
0 |
|a Computer science.
|
| 650 |
|
0 |
|a Computer programming.
|
| 650 |
|
0 |
|a Software engineering.
|
| 650 |
|
0 |
|a Mathematical logic.
|
| 650 |
|
0 |
|a Artificial intelligence.
|
| 650 |
1 |
4 |
|a Computer Science.
|
| 650 |
2 |
4 |
|a Artificial Intelligence (incl. Robotics).
|
| 650 |
2 |
4 |
|a Mathematical Logic and Formal Languages.
|
| 650 |
2 |
4 |
|a Programming Techniques.
|
| 650 |
2 |
4 |
|a Software Engineering.
|
| 700 |
1 |
|
|a Olivetti, Nicola.
|e editor.
|
| 710 |
2 |
|
|a SpringerLink (Online service)
|
| 773 |
0 |
|
|t Springer eBooks
|
| 776 |
0 |
8 |
|i Printed edition:
|z 9783540730989
|
| 830 |
|
0 |
|a Lecture Notes in Computer Science,
|x 0302-9743 ;
|v 4548
|
| 856 |
4 |
0 |
|u http://dx.doi.org/10.1007/978-3-540-73099-6
|z Full Text via HEAL-Link
|
| 912 |
|
|
|a ZDB-2-SCS
|
| 912 |
|
|
|a ZDB-2-LNC
|
| 950 |
|
|
|a Computer Science (Springer-11645)
|